000 00594nam a22001937i 4500
001 3829
003 OSt
005 20170126082324.0
007 tu
008 161220s1998 xxu||||| |||| 00| 0 d
024 7 _a3828
_2RID
040 _cOSt
084 _a9.6
_a11.33
_2z
100 1 _aReichl, Bettina
245 0 0 _aTax Competition for International Portfolio Capital Among Emerging Markets. An Approach Considering the Substitutability of Risky Assets
260 _aHamburg :
_bHWWA-Institut für Wirtschaftsforschung,Hamburg,
_c1998.
300 _a25 S. ;
_c30cm.
490 _aHWWA-Diskussionspapier
_v54
942 _cB
999 _c3768
_d3768